[Event "CHATURANGA"]
[Site "www.echecsemail.com"]
[Date "2026.02.11"]
[Round "1"]
[White "Legrillon"]
[Black "4x4"]
[WhiteElo "1780"]
[BlackElo "1450"]
[Result "1-0"]
1.e4 e5
2.Ng1f3 Ng8f6
3.Bf1c4 d6
4.d3 Bc8e6
5.Bc4xe6 fxe6
6.h3 Nb8d7
7.O-O Qd8e7
8.Bc1e3 O-O-O
9.Be3xa7 b6
10.c4 Kb7
11.Ba7xb6 Nd7xb6
12.a4 c5
13.Nb1c3 Rd8a8
14.a5 Nb6c8
15.Qd1b3 Kc7
16.a6 Nc8b6
17.Nc3a4 g6
18.Na4xb6 Ra8b8
19.Nb6a8 Kc8
20.Qb3a4 Rb8xa8
21.Qa4c6 Kb8
22.Qc6b6 Kc8
23.a7 Qe7b7
24.Qb6a5 Bf8e7
25.Rf1b1 Be7d8
26.Qa5c3 Bd8b6
27.b4 Bb6xa7
28.bxc5 Qb7c6
29.cxd6 Qc6xd6
30.Nf3xe5 Rh8d8
31.Rb1d1 Ba7d4
32.Ra1xa8 Kc7
33.Qc3a5 Bd4b6
34.Ra8a7 Kb8
35.Ra7a8 Kc7
36.Ra8xd8 Bb6xa5
37.Rd8xd6 Kxd6
38.Ne5f3 Nf6d7
39.Rd1a1 Ba5c3
40.Ra1a6 Kc5
41.Ra6xe6 Kb4
42.Re6e7 Nd7c5
43.Re7xh7 Nc5xd3
44.Rh7h6 Kxc4
45.Rh6xg6 Nd3e5
46.Nf3xe5 Bc3xe5
47.Rg6g4 Kd3
48.f4 Be5d6
49.f5 Kd4
50.f6 Ke5
51.f7 Bd6f8
52.Rg4g8 Bf8e7
53.f8Q Be7xf8
54.Rg8xf8 Kxe4
55.h4 Ke5
56.h5 Ke6
57.h6 Ke7
58.Rf8f1 Ke6
59.h7 Ke5
60.h8Q Ke4
61.Qh8e8 Kd5
62.Rf1d1 Kc5
63.Qe8c8 Kb6
64.Rd1b1 Ka7
65.Qc8b7 1-0

[Event "Défi( 10J+24H/c 10J Max )"]
[Site "www.echecsemail.com"]
[Date "2026.02.11"]
[Round "1"]
[White "Snarf"]
[Black "Tunnellavage"]
[WhiteElo "1760"]
[BlackElo "1730"]
[Result "1-0"]
1.e4 e5
2.Ng1f3 Nb8c6
3.Bf1b5 Ng8f6
4.d3 d6
5.h3 h6
6.Bc1e3 Bf8e7
7.Nb1d2 Bc8d7
8.a3 a6
9.Bb5a4 b5
10.Ba4b3 O-O
11.Qd1e2 Kh7
12.O-O-O b4
13.a4 Nc6a5
14.Nd2c4 Na5xb3
15.cxb3 Ra8c8
16.Qe2d2 Bd7e6
17.g4 Nf6xg4
18.Kb1 Ng4f6
19.Ka2 Qd8d7
20.h4 Be6g4
21.Qd2e2 Qd7e6
22.Rd1g1 c6
23.Be3d2 c5
24.Nc4e3 Bg4h5
25.Ne3f5 Rf8g8
26.Bd2g5 Qe6d7
27.Bg5d2 Be7f8
28.Rg1g3 Nf6g4
29.Rg3xg4 Bh5xg4
30.Rh1g1 h5
31.Rg1g3 g6
32.Rg3xg4 hxg4
33.Nf3g5 Kh8
34.Qe2xg4 gxf5
35.Qg4h5 Kg7
36.Qh5h7 Kf6
37.Qh7xg8 Bf8g7
38.Ng5h7 { abandon }1-0

[Event "Marmotte chess  3"]
[Site "www.echecsemail.com"]
[Date "2026.02.11"]
[Round "1"]
[White "Kaelstrum"]
[Black "4x4"]
[WhiteElo "1490"]
[BlackElo "1500"]
[Result "1-0"]
1.e4 e5
2.Ng1f3 d6
3.d4 Nb8d7
4.dxe5 Nd7xe5
5.Nf3xe5 dxe5
6.Qd1xd8 Kxd8
7.Bf1c4 f6
8.Bc1e3 Ng8e7
9.Nb1c3 b6
10.Bc4f7 g5
11.O-O-O Bc8d7
12.Bf7e6 Ne7c6
13.Rd1xd7 Ke8
14.Rd7xc7 Nc6d4
15.Be6d5 Ra8d8
16.Rc7xa7 Bf8c5
17.Rh1d1 b5
18.Be3xd4 Bc5xa7
19.Bd4xa7 Rd8d7
20.Bd5c6 Ke7
21.Rd1xd7 Ke6
22.Ba7c5 Rh8c8
23.Rd7d6 Kf7
24.Bc5a3 Kg6
25.Nc3xb5 h5
26.Bc6d5 g4
27.c4 Kg5
28.Rd6e6 f5
29.exf5 Kxf5
30.Ba3d6 Rc8g8
31.Re6xe5 Kf6
32.Bd5xg8 h4
33.Nb5d4 g3
34.hxg3 hxg3
35.f3 Kg7
36.Re5e7 Kf6
37.Re7f7 Kg5
38.c5 Kg6
39.Rf7f5 Kg7
40.Bd6e5 Kxg8
41.c6 Kh7
42.Rf5g5 Kh6
43.Be5f4 Kh7
44.c7 Kh6
45.c8Q Kh7
46.Qc8h3 1-0

[Event "Défi"]
[Site "www.echecsemail.com"]
[Date "2026.02.11"]
[Round "1"]
[White "Payne42"]
[Black "Jazz"]
[WhiteElo "1750"]
[BlackElo "1860"]
[Result "1-0"]
1.f4 Nb8c6
2.Ng1f3 Ng8f6
3.e3 d6
4.Bf1b5 Bc8g4
5.b3 Qd8d7
6.Bc1b2 a6
7.Bb5xc6 Qd7xc6
8.O-O O-O-O
9.d3 Nf6d5
10.Qd1d2 f6
11.c4 Nd5b6
12.Nb1c3 h6
13.a4 g5
14.a5 Nb6d7
15.b4 Nd7b8
16.b5 Qc6d7
17.bxa6 Nb8xa6
18.Bb2a3 e5
19.Ra1b1 Na6c5
20.Nc3d5 c6
21.Nd5xf6 Qd7e6
22.Nf6xg4 Qe6xg4
23.h3 Qg4e6
24.Rb1b6 e4
25.Nf3d4 Qe6d7
26.Rf1b1 exd3
27.Ba3xc5 dxc5
28.Nd4xc6 Rd8e8
29.a6 Qd7xc6
30.Rb6xc6 bxc6
31.a7 Kc7
32.Qd2a5 { abandon }1-0

[Event "Tournoi n27431"]
[Site "www.echecsemail.com"]
[Date "2026.02.11"]
[Round "1"]
[White "Jlr"]
[Black "Samjf"]
[WhiteElo "1420"]
[BlackElo "1290"]
[Result "0-1"]
1.e4 e5
2.Nb1c3 Nb8c6
3.a3 d6
4.Nc3d5 Bc8e6
5.c4 Nc6d4
6.Qd1a4 Be6d7
7.Qa4d1 Bd7c6
8.d3 g6
9.h4 Qd8d7
10.Bc1g5 Bc6a4
11.Nd5xc7 Qd7xc7
12.Qd1xa4 b5
13.cxb5 Nd4c2
14.Kd2 Nc2xa1
15.Ke2 Na1c2
16.b6 Qc7d7
17.Qa4xc2 axb6
18.f3 Qd7b7
19.g4 Ra8c8
20.Qc2b3 Ng8e7
21.Bg5f6 Ne7c6
22.Bf6xh8 Nc6d4
23.Ke3 Nd4xb3
24.g5 b5
25.Bf1h3 Qb7b6
26.d4 Qb6xd4
27.Ke2 Qd4d2
28.Kf1 Rc8c1
0-1

[Event "Tournoi n27410"]
[Site "www.echecsemail.com"]
[Date "2026.02.11"]
[Round "1"]
[White "Vb83"]
[Black "Wenoketo"]
[WhiteElo "1480"]
[BlackElo "1700"]
[Result "0-1"]
1.e4 c6
2.d4 e6
3.Ng1f3 d5
4.e5 Nb8d7
5.Bc1g5 Bf8e7
6.Bg5xe7 Ng8xe7
7.c3 O-O
8.c4 dxc4
9.Bf1xc4 Nd7b6
10.Bc4b3 Ne7d5
11.O-O Bc8d7
12.a3 Ra8c8
13.Nb1c3 h6
14.Nc3xd5 Nb6xd5
15.Bb3xd5 cxd5
16.b4 a6
17.a4 Rc8c4
18.Qd1d2 Qd8c7
19.a5 Rf8c8
20.Ra1c1 Rc4xc1
21.Rf1xc1 Qc7xc1
{ abandon }0-1

[Event "Tournoi n27459"]
[Site "www.echecsemail.com"]
[Date "2026.02.11"]
[Round "1"]
[White "Jlr"]
[Black "Hermite"]
[WhiteElo "1430"]
[BlackElo "1540"]
[Result "1-0"]
1.e4 e5
2.g3 d6
3.Bf1c4 Bf8e7
4.Qd1f3 Ng8f6
5.d3 Bc8d7
6.h3 a6
7.g4 b5
8.Bc4b3 Bd7c6
9.Nb1c3 Qd8d7
10.g5 Nf6g8
11.Qf3xf7 Kd8
12.Qf7xg7 Qd7e6
13.Bb3xe6 { abandon }1-0

[Event "Transval 2"]
[Site "www.echecsemail.com"]
[Date "2026.02.11"]
[Round "1"]
[White "39wx"]
[Black "Patau"]
[WhiteElo "1620"]
[BlackElo "1690"]
[Result "1-0"]
1.e4 e5
2.Ng1f3 c6
3.Nf3xe5 Qd8e7
4.Ne5f3 Qe7xe4
5.Qd1e2 d5
6.d3 Qe4xe2
7.Bf1xe2 Ng8f6
8.O-O Bf8c5
9.Bc1e3 Nb8d7
10.Be3xc5 Nd7xc5
11.Rf1e1 O-O
12.Nb1d2 Bc8g4
13.h3 Bg4xf3
14.Be2xf3 Rf8e8
15.Kf1 Re8xe1
16.Ra1xe1 Ra8e8
17.Re1xe8 Nf6xe8
18.b3 Ne8d6
19.Bf3g4 f5
20.Bg4d1 f4
21.Nd2f3 Nd6f5
22.d4 Nc5e4
23.a4 c5
24.dxc5 Ne4xc5
25.Ke2 Nc5e4
26.Ke1 d4
27.Nf3e5 g5
28.Bd1g4 Ne4d6
29.Bg4xf5 Nd6xf5
30.Kd2 Kg7
31.Kd3 Kf6
32.Ne5f3 h5
33.Nf3xd4 g4
34.Nd4xf5 Kxf5
35.Kd4 gxh3
36.gxh3 a5
37.c3 Kg5
38.Ke4 Kh4
39.Kxf4 Kxh3
40.Kg5 h4
41.b4 Kg2
42.Kxh4 { abandon }1-0

[Event "Eq:Avalon-au plaisir du jeux  :"]
[Site "www.echecsemail.com"]
[Date "2026.02.11"]
[Round "1"]
[White "Panchoa"]
[Black "Chessgaston"]
[WhiteElo "1630"]
[BlackElo "2170"]
[Result "0-1"]
1.e4 c5
2.Nb1c3 Nb8c6
3.Bf1b5 Nc6d4
4.Bb5c4 e6
5.Ng1f3 a6
6.O-O b5
7.Bc4d3 Bc8b7
8.Nc3e2 Nd4xf3
9.gxf3 c4
10.Ne2c3 cxd3
11.cxd3 Bf8d6
12.Kh1 Qd8h4
{ abandon }0-1

[Event "Tournoi n27437"]
[Site "www.echecsemail.com"]
[Date "2026.02.11"]
[Round "1"]
[White "Nemesis"]
[Black "Teaspoon"]
[WhiteElo "2119"]
[BlackElo "2000"]
[Result "1-0"]
1.e4 c5
2.Ng1f3 d6
3.d4 cxd4
4.Nf3xd4 Ng8f6
5.Nb1c3 g6
6.Bc1e3 Bf8g7
7.f3 O-O
8.Qd1d2 Nb8c6
9.Bf1c4 Bc8d7
10.O-O-O Ra8c8
11.Bc4b3 Nc6e5
12.Kb1 Rf8e8
13.h4 h5
14.g4 hxg4
15.h5 Nf6xh5
16.Be3h6 Kh7
17.Bh6xg7 Kxg7
18.fxg4 Bd7xg4
19.Nd4f5 Bg4xf5
20.exf5 Re8h8
21.fxg6 Ne5xg6
22.Nc3d5 Nh5f6
23.Rh1g1 Nf6xd5
24.Qd2xd5 Rh8f8
25.Rd1f1 e6
26.Qd5d4 e5
27.Qd4e4 f5
28.Qe4xb7 Rc8c7
29.Qb7g2 Qd8f6
30.Rf1f3 e4
31.Rf3g3 { abandon }1-0

[Event "Tournoi échelle division 3"]
[Site "www.echecsemail.com"]
[Date "2026.02.11"]
[Round "1"]
[White "Nemesis"]
[Black "Jlouism"]
[WhiteElo "2119"]
[BlackElo "1590"]
[Result "1-0"]
1.e4 c5
2.Ng1f3 Nb8c6
3.Bf1b5 d5
4.Nb1c3 d4
5.Nc3a4 Qd8a5
6.Bb5xc6 bxc6
7.b3 Ng8f6
8.O-O Nf6xe4
9.Rf1e1 Bc8f5
10.Nf3h4 e6
11.Nh4xf5 c4
12.Nf5xd4 Qa5d5
13.Nd4f3 Bf8c5
14.Na4xc5 Ne4xc5
15.Re1e5 Qd5d6
16.Bc1a3 O-O
17.Ba3xc5 Qd6c7
18.Bc5xf8 Ra8xf8
19.bxc4 Qc7e7
20.d4 Rf8d8
21.c3 Qe7f6
22.Re5a5 Rd8d7
23.Qd1a4 Rd7c7
24.Ra5xa7 Qf6d8
25.Ra7xc7 h6
26.Rc7a7 g5
27.Ra7a8 Qd8xa8
28.Qa4xa8 Kg7
29.Qa8xc6 { abandon }1-0

[Event "Défi"]
[Site "www.echecsemail.com"]
[Date "2026.02.12"]
[Round "1"]
[White "Khamis"]
[Black "Manulatus"]
[WhiteElo "1830"]
[BlackElo "1920"]
[Result "0-1"]
1.d4 d5
2.c4 c6
3.cxd5 cxd5
4.Nb1c3 Ng8f6
5.Ng1f3 e6
6.Bc1g5 Bf8e7
7.e3 O-O
8.Bf1d3 a6
9.O-O Nb8c6
10.a3 Bc8d7
11.Ra1c1 Ra8c8
12.Rf1e1 Nc6a5
13.Nf3e5 h6
14.Bg5h4 b5
15.b4 Na5c4
16.Ne5xd7 Qd8xd7
17.Qd1b3 Rc8c7
18.f3 Rf8c8
19.Rc1d1 Nc4xe3
20.Re1xe3 Kh8
21.Nc3e2 Qd7d8
22.Bd3b1 Nf6g8
23.Bh4xe7 Qd8xe7
24.Qb3d3 Ng8f6
25.h3 Qe7d6
26.Ne2f4 Qd6xf4
27.Re3e1 Rc7c3
28.Qd3d2 Qf4xd2
29.Rd1xd2 Rc3xa3
30.Rd2a2 Ra3xa2
31.Bb1xa2 Rc8c2
32.Ba2b3 Rc2c3
33.Re1b1 Nf6d7
34.Bb3d1 Rc3c4
35.Bd1e2 Rc4c2
36.Kf1 Nd7b6
37.Rb1a1 Nb6a4
38.Be2d1 Rc2d2
39.Bd1xa4 bxa4
40.Ra1xa4 Rd2xd4
41.Ra4xa6 Rd4xb4
42.Ra6a8 Kh7
43.Kf2 Kg6
44.Ke3 Kf6
45.g3 h5
 { temps }0-1

[Event "Coupe Niveau 8"]
[Site "www.echecsemail.com"]
[Date "2026.02.12"]
[Round "1"]
[White "Fred"]
[Black "Eldiablo90"]
[WhiteElo "2750"]
[BlackElo "2820"]
[Result "1/2-1/2"]
1.d4 Ng8f6
2.Ng1f3 g6
3.Bc1f4 Bf8g7
4.e3 O-O
5.h3 c5
6.c3 Qd8b6
7.Qd1b3 d6
8.Nb1d2 Bc8e6
9.Qb3xb6 axb6
10.a3 Nb8c6
11.e4 d5
12.e5 Nf6d7
13.Bf4e3 cxd4
14.cxd4 f6
15.exf6 Nd7xf6
16.Bf1e2 Nf6e8
17.O-O Ne8d6
18.Rf1e1 Be6f7
19.Ra1b1 Nd6f5
20.Be2f1 Ra8d8
21.Nd2b3 Nf5xe3
22.fxe3 e5
23.Nf3xe5 Nc6xe5
24.dxe5 Bg7xe5
25.Nb3d4 Rd8e8
26.Bf1b5 Re8e7
27.Re1e2 h5
28.Rb1f1 Rf8c8
29.Kf2 h4
30.Re2d2 Kg7
31.Bb5a4 Kh7
32.Ba4b3 Rc8c5
33.Bb3d1 Bf7e8
34.Bd1f3 Kh6
35.Rf1b1 Be8c6
36.Rb1d1 Be5g3
37.Ke2 Bg3f4
38.Rd2d3 Re7e5
39.Kf2 Bf4g3
40.Ke2 Bg3f4
41.Kf2 Bf4g3
42.Ke2 Bg3f4
43.Kf2 1/2-1/2

[Event "Défi"]
[Site "www.echecsemail.com"]
[Date "2026.02.12"]
[Round "1"]
[White "Skorpion59"]
[Black "Kerenor"]
[WhiteElo "1360"]
[BlackElo "1600"]
[Result "0-1"]
1.d4 d5
2.Nb1c3 h6
3.Bc1f4 Nb8c6
4.e4 e6
5.e5 Bf8e7
6.Bf1d3 Nc6xd4
7.Bd3e2 Be7b4
8.Qd1d2 Nd4f5
9.a3 Bb4a5
10.b4 Ba5b6
11.Ng1f3 f6
12.exf6 Qd8xf6
13.Nc3b5 Qf6xa1
14.Be2d1 Ng8f6
15.Nb5xc7 Bb6xc7
16.Bf4xc7 Nf6e4
17.Qd2e2 O-O
18.O-O Qa1xa3
19.c4 Qa3xb4
20.cxd5 exd5
21.Nf3e5 Rf8f6
22.Ne5d3 Qb4c4
23.Bc7e5 Rf6e6
24.Be5xg7 Nf5xg7
25.Nd3f4 Re6f6
26.Nf4h5 Ng7xh5
27.Qe2xh5 Bc8d7
 { temps }0-1

[Event "Défi"]
[Site "www.echecsemail.com"]
[Date "2026.02.12"]
[Round "1"]
[White "Kerenor"]
[Black "Skorpion59"]
[WhiteElo "1570"]
[BlackElo "1340"]
[Result "1-0"]
1.d4 d5
2.Nb1c3 Ng8f6
3.h3 e6
4.Bc1g5 h6
5.Bg5h4 Bf8e7
6.Bh4g3 O-O
7.Nc3b5 Be7d6
8.Nb5xd6 cxd6
9.e3 Nf6e4
10.Bg3h2 e5
11.dxe5 dxe5
12.Bh2xe5  { temps }1-0

[Event "Défi"]
[Site "www.echecsemail.com"]
[Date "2026.02.12"]
[Round "1"]
[White "Chobi"]
[Black "Chomi64"]
[WhiteElo "1760"]
[BlackElo "1830"]
[Result "0-1"]
1.d4 e5
2.dxe5 Nb8c6
3.Ng1f3 Qd8e7
4.Bc1f4 Qe7b4
5.Bf4d2 Qb4xb2
6.Bd2c3 Bf8b4
7.Bc3xb4 Nc6xb4
8.Nf3d4 Qb2xa1
9.e3 a6
10.Bf1d3 Qa1xa2
11.O-O Qa2d5
12.Nd4f3 Ng8e7
13.Nb1c3 Qd5e6
14.Bd3e4 Ne7c6
15.Be4d5 Nb4xd5
16.Nc3xd5 O-O
17.Nd5xc7 Qe6e7
18.Nc7xa8 Nc6xe5
19.Nf3d4 Ne5c4
20.Na8c7 d6
21.Nc7d5 Qe7e5
22.Nd5f4 b5
23.Nd4c6 Qe5f6
24.Nc6d4 Rf8e8
25.Nf4d5 Qf6d8
26.h3 Bc8b7
 { temps }0-1

[Event "Tournoi n27351"]
[Site "www.echecsemail.com"]
[Date "2026.02.12"]
[Round "1"]
[White "Brettsinclair"]
[Black "Jclaude"]
[WhiteElo "1880"]
[BlackElo "1790"]
[Result "1-0"]
1.c4 e5
2.Nb1c3 g6
3.d4 Bf8g7
4.d5 d6
5.g3 Bc8f5
6.e4 Bf5d7
7.Bf1g2 Nb8a6
8.Ng1e2 Na6c5
9.O-O Ng8f6
10.Bc1g5 O-O
11.b3 Qd8c8
12.b4 Bd7h3
13.bxc5 Bh3xg2
14.Kxg2 Nf6h5
15.c6 b6
16.Ne2g1  { temps }1-0

[Event "Tournoi n27412"]
[Site "www.echecsemail.com"]
[Date "2026.02.12"]
[Round "1"]
[White "Wenoketo"]
[Black "Ragg"]
[WhiteElo "1710"]
[BlackElo "1540"]
[Result "1-0"]
1.d4 g6
2.Nb1c3 Bf8g7
3.Ng1f3 Ng8f6
4.e3 d5
5.Bf1b5 c6
6.Bb5a4 O-O
7.O-O b5
8.Ba4b3 Bc8g4
9.h3 h5
10.hxg4 hxg4
11.Nf3h2 Qd8d7
12.Nc3e2 Nf6e4
13.c3 Nb8a6
14.Bb3c2 f5
15.Bc2xe4 fxe4
16.Ne2g3 Rf8f6
17.Qd1xg4 Qd7xg4
18.Nh2xg4 Rf6f7
19.a3 c5
20.Bc1d2 Ra8b8
21.Ra1c1 c4
22.Ng3e2 Na6c7
23.Ng4h2 e5
24.f4 Rb8f8
25.fxe5 Nc7e6
26.Rf1xf7 Rf8xf7
27.Rc1f1 Rf7b7
28.Ne2f4 Rb7b6
29.Nf4xe6 Rb6xe6
30.Nh2g4 Kh8
31.Rf1f7 a5
32.Rf7b7 b4
33.axb4 a4
34.Rb7a7 Kh7
35.Ng4f6 Kh6
36.Nf6xd5 g5
37.Ra7xa4 g4
38.Nd5f4 Re6e7
39.b5 Re7b7
40.Ra4a5  { temps }1-0

[Event "Tournoi n27350"]
[Site "www.echecsemail.com"]
[Date "2026.02.12"]
[Round "1"]
[White "Jerem51"]
[Black "Jmarcboury"]
[WhiteElo "2230"]
[BlackElo "2210"]
[Result "0-1"]
1.d4 Ng8f6
2.c4 e6
3.Ng1f3 d5
4.Nb1c3 a6
5.cxd5 exd5
6.Bc1g5 Bc8e6
7.e3 Bf8e7
8.Qd1b3 b5
9.Bg5xf6 Be7xf6
10.a4 Nb8d7
11.Nc3xd5 Bf6e7
12.axb5 Nd7b6
13.e4 Nb6xd5
14.exd5 Qd8xd5
15.Qb3xd5 Be6xd5
16.bxa6 Be7b4
17.Kd1 O-O-O
18.Kc1 Bd5xf3
19.gxf3 Rd8xd4
20.Rh1g1 g6
21.f4 c6
22.f5 Kc7
23.f3 Rh8d8
24.Kc2 Rd4d2
25.Kb3 Bb4d6
26.a7 Rd8a8
27.Bf1c4 Rd2f2
28.Rg1f1 Rf2xf1
 { temps }0-1

[Event "Tournoi n27350"]
[Site "www.echecsemail.com"]
[Date "2026.02.12"]
[Round "1"]
[White "Jerem51"]
[Black "Prize640"]
[WhiteElo "2230"]
[BlackElo "2210"]
[Result "0-1"]
1.d4 f5
2.g3 Ng8f6
3.Bf1g2 g6
4.Ng1f3 Bf8g7
5.O-O O-O
6.Nb1c3 d6
7.Rf1e1 c6
8.e4 fxe4
9.Nc3xe4 Bc8g4
10.c3 Qd8d7
11.Ne4xf6 exf6
12.d5 c5
13.Qd1b3 Nb8a6
14.Bc1d2 b5
15.a4 Na6c7
16.h3 bxa4
17.Ra1xa4 Bg4xh3
18.Bg2xh3 Qd7xh3
19.c4 Ra8b8
20.Qb3e3 Rf8e8
21.Qe3d3 Re8xe1
22.Bd2xe1 Rb8xb2
23.Ra4xa7 Qh3c8
24.Qd3a3 Rb2b7
25.Be1d2 Rb7xa7
26.Qa3xa7 Nc7e8
27.Kg2 Qc8c7
28.Qa7xc7 Ne8xc7
29.g4 Kf7
30.Nf3h4 Nc7a8
31.Bd2a5 Ke7
 { temps }0-1

[Event "Tournoi n27283"]
[Site "www.echecsemail.com"]
[Date "2026.02.12"]
[Round "1"]
[White "Ragg"]
[Black "Aramis"]
[WhiteElo "1560"]
[BlackElo "1570"]
[Result "0-1"]
1.d4 d5
2.Nb1c3 c6
3.e4 Ng8f6
4.e5 Nf6e4
5.Ng1e2 e6
6.Nc3xe4 dxe4
7.Ne2f4 c5
8.c3 cxd4
9.cxd4 Bf8b4
10.Bc1d2 Bb4xd2
11.Qd1xd2 O-O
12.Ra1c1 a6
13.Qd2e3 b5
14.Qe3xe4 Ra8a7
15.Bf1d3 g6
16.h4 Bc8b7
17.Qe4e3 Nb8c6
18.Bd3c2 Nc6xd4
19.Bc2d3 Bb7a8
20.Nf4e2 Ra7d7
21.O-O Nd4xe2
22.Bd3xe2 Qd8xh4
23.b3 Qh4e7
24.f4 f6
25.Be2f3 Ba8xf3
26.Rf1xf3 f5
27.Kf2 h5
28.Rf3h3 Rf8d8
29.Rc1c2 Qe7b4
30.Kg3 Rd7g7
31.Rh3h1 Qb4e7
32.Rc2c6 Rd8a8
33.Rh1c1 b4
34.Kf2 Qe7h4
35.Ke2 Qh4e7
36.Rc1c4 a5
37.Qe3c1 Qe7b7
38.Rc6c8 Ra8xc8
39.Rc4xc8 Kh7
40.Rc8c6 Rg7e7
41.Kf2 Qb7a7
42.Kg3 Kh6
43.Kh3 Qa7d7
44.Rc6d6 Qd7e8
45.Qc1d1 Re7g7
46.Rd6d8 Qe8e7
47.Rd8h8 Rg7h7
48.Rh8xh7 Kxh7
49.g3 Kh6
50.Qd1d6 Qe7f7
51.Qd6b6 Qf7d7
52.Qb6xa5 Qd7b7
53.Kh2 Qb7e4
54.Qa5b6 Qe4e2
55.Kg1 Qe2e1
56.Kg2 Qe1e2
57.Qb6f2 Qe2g4
58.Qf2d4 Qg4e2
59.Kg1 Qe2f3
60.Qd4xb4 Qf3xg3
61.Kf1 Qg3d3
62.Ke1 Qd3b1
63.Kd2 Qb1xa2
64.Kc3 Qa2a1
65.Kc4 Qa1f1
66.Kc5 Qf1a6
67.Qb4b5 Qa6c8
68.Kb4 g5
69.fxg5 Kxg5
70.Ka3 Qc8c1
71.Kb4 f4
72.Qb5b6 Qc1e1
73.Kb5 Qe1xe5
74.Ka6 Qe5f5
75.b4 f3
76.Qb6f2 e5
77.b5 e4
78.b6 h4
79.b7 Qf5e6
80.Ka7 Qe6d7
81.Ka8 Qd7a4
82.Kb8 Qa4e8
83.Ka7 Qe8a4
84.Kb8 Qa4e8
85.Ka7 Qe8a4
86.Kb8 Qa4a5
87.Kc8 Qa5c3
88.Kb8 Kg4
89.Ka8 Qc3a5
 { temps }0-1

[Event "Défi"]
[Site "www.echecsemail.com"]
[Date "2026.02.12"]
[Round "1"]
[White "Skorpion59"]
[Black "Kerenor"]
[WhiteElo "1370"]
[BlackElo "1570"]
[Result "0-1"]
1.d4 d5
2.e4 dxe4
3.Nb1c3 Bc8f5
4.Bf1c4 e6
5.Bc1e3 a6
6.Ng1e2 Bf8b4
7.O-O Bb4d6
8.Qd1d2 Qd8h4
9.g3 Qh4h3
10.Rf1e1 Bf5g4
11.Nc3xe4 Bg4f3
12.Ne2f4 Bd6xf4
13.Bc4f1 Qh3g4
14.Be3xf4 Nb8c6
15.Bf4xc7 Bf3xe4
16.c4 Qg4f3
17.Re1xe4 Qf3xe4
18.Bf1g2 Qe4f5
19.Bg2xc6 bxc6
20.Qd2b4 Ng8e7
21.Ra1e1 O-O
22.Qb4xe7 Rf8e8
23.Qe7b4 a5
24.Bc7xa5 Ra8xa5
25.a3 Ra5a8
26.Re1e5 Qf5b1
27.Kg2 Ra8b8
28.Qb4d6 Rb8c8
29.d5 cxd5
30.cxd5 Rc8d8
31.Qd6c6 Qb1xb2
32.Re5xe6 fxe6
33.dxe6 Qb2xa3
34.Qc6c4 Qa3a8
35.Kh3 Qa8a5
36.e7 Kh8
37.exd8Q Qa5xd8
38.Qc4b5 Qd8c8
39.g4 Qc8c3
40.Kh4 Qc3f6
41.Kg3 Qf6d6
42.Kg2 Qd6e6
43.f3 h6
44.Qb5h5 Qe6e2
45.Kg3 Qe2e1
 { temps }0-1

[Event "CC Jan26"]
[Site "www.echecsemail.com"]
[Date "2026.02.12"]
[Round "1"]
[White "Jerem51"]
[Black "Alain64"]
[WhiteElo "2320"]
[BlackElo "2060"]
[Result "0-1"]
1.d4 Ng8f6
2.c4 e6
3.Ng1f3 Bf8b4
4.Bc1d2 c5
5.Bd2xb4 cxb4
6.Nb1d2 O-O
7.Qd1c2 d5
8.e4 dxe4
9.Nd2xe4 Nb8c6
10.O-O-O b6
11.Kb1 Bc8b7
12.Ne4xf6 Qd8xf6
13.Bf1d3 h6
14.Bd3e4 Ra8c8
15.Qc2e2 a5
16.Qe2c2 Rf8d8
17.Rh1e1 Bb7a6
18.d5 exd5
19.Be4xd5 Nc6e7
20.Bd5e4 Rd8xd1
21.Re1xd1 g6
22.b3 a4
 { temps }0-1

[Event "CC Jan26"]
[Site "www.echecsemail.com"]
[Date "2026.02.12"]
[Round "1"]
[White "Jerem51"]
[Black "Rons"]
[WhiteElo "2320"]
[BlackElo "2590"]
[Result "0-1"]
1.d4 Ng8f6
2.c4 e6
3.Ng1f3 d5
4.Nb1c3 Bf8b4
5.Bc1g5 h6
6.Bg5xf6 Qd8xf6
7.Qd1b3 Bb4xc3
8.bxc3 dxc4
9.Qb3xc4 Qf6e7
10.g3 b6
 { temps }0-1

[Event "Tournoi n27412"]
[Site "www.echecsemail.com"]
[Date "2026.02.12"]
[Round "1"]
[White "Hermite"]
[Black "Ragg"]
[WhiteElo "1550"]
[BlackElo "1540"]
[Result "1-0"]
1.e4 g6
2.c3 Bf8g7
3.d4 d6
4.Bf1e2 Ng8f6
5.Bc1g5 Nb8c6
6.Ng1f3 h6
7.Bg5xf6 Bg7xf6
8.Qd1c2 g5
9.Nb1d2 a5
10.Be2b5 Bc8d7
11.O-O O-O
12.Bb5c4 Qd8e8
13.e5 dxe5
14.dxe5 Bf6xe5
15.Nf3xe5 Nc6xe5
16.Qc2e4 Ne5g6
17.Qe4xb7 c6
18.Qb7b3 e6
19.Nd2e4 Qe8e7
20.Bc4d3 a4
21.Qb3c4 g4
22.Ne4g3 Ng6e5
23.Qc4e4 Ne5g6
24.f3 f5
25.Qe4d4 Ra8a5
26.fxg4 Qe7c5
27.Qd4xc5 Ra5xc5
28.gxf5 Rc5d5
29.Bd3e4 Rd5d2
30.Ra1b1 Ng6e5
31.f6 Ne5c4
32.Be4g6 Nc4xb2
33.Ng3h5  { temps }1-0

[Event "Eq:Royal Kids-Les Gens du Sud :"]
[Site "www.echecsemail.com"]
[Date "2026.02.12"]
[Round "1"]
[White "Silveur"]
[Black "Uliczny"]
[WhiteElo "1790"]
[BlackElo "1700"]
[Result "0-1"]
1.d4 Ng8f6
2.Ng1f3 d5
3.g3 Bc8f5
4.Bf1g2 e6
5.O-O Bf8d6
6.Nb1d2 O-O
7.c4 c5
8.cxd5 exd5
9.Qd1b3 b6
10.Rf1e1 Nb8c6
11.Qb3b5 Nc6xd4
12.Nf3xd4 cxd4
13.Nd2f3 a6
14.Qb5a4 b5
15.Qa4b3 Bf5e4
16.Nf3xd4 Be4xg2
17.Kxg2 Bd6c5
18.Nd4f3 Nf6e4
19.Bc1e3 Bc5xe3
 { temps }0-1

[Event "Défi"]
[Site "www.echecsemail.com"]
[Date "2026.02.12"]
[Round "1"]
[White "Rocketman"]
[Black "Fredbauduret"]
[WhiteElo "2000"]
[BlackElo "1960"]
[Result "0-1"]
1.g4 d5
2.h3 e5
3.d3 c5
4.Bf1g2 Bc8e6
5.c4 Nb8c6
6.b3 g6
7.Bc1b2 Ng8e7
8.Ng1f3 Bf8g7
9.cxd5 Ne7xd5
10.e3 O-O
11.O-O f5
12.g5 e4
13.Bb2xg7 Kxg7
14.dxe4 fxe4
15.Nf3d2 Qd8xg5
16.Nd2xe4 Qg5e7
17.a3 Ra8d8
18.Nb1d2 Be6f5
19.Qd1c1 Bf5xe4
20.Nd2xe4 b6
21.Qc1b2 Kg8
22.Ra1d1 Nd5f6
23.Ne4xf6 Rf8xf6
24.Bg2d5 Rd8xd5
25.Rd1xd5 Qe7e6
26.Rd5g5 Kf7
27.Rg5g3 Nc6e5
28.Kg2 Qe6d5
29.f3 Ke6
30.Qb2c2 a6
31.Rf1d1 Qd5c6
32.e4 b5
33.Qc2d2 c4
34.Qd2d5 Qc6xd5
35.exd5 Kd6
36.bxc4 Ne5xc4
37.Rd1d3 a5
38.Kf2 Rf6f5
39.Rg3g1 b4
40.axb4 axb4
41.Rg1b1 Rf5xd5
42.Rd3xd5 Kxd5
43.Rb1xb4 Nc4e5
44.Rb4b7 h6
45.Rb7h7 h5
46.Rh7h6 Ke6
47.f4 Ne5d3
48.Ke3 Kf7
49.Rh6h7 Kg8
50.Rh7c7 Nd3b4
51.h4 Nb4d5
52.Ke4 Nd5xc7
53.Ke5 Kf7
54.Ke4 Ke6
 { temps }0-1

[Event "CC Jan26"]
[Site "www.echecsemail.com"]
[Date "2026.02.12"]
[Round "1"]
[White "Rons"]
[Black "Jerem51"]
[WhiteElo "2590"]
[BlackElo "2320"]
[Result "1-0"]
1.e4 e6
2.d4 d5
3.Nb1c3 Bf8b4
4.e5 c5
5.Bc1d2 Ng8e7
6.a3 Bb4xc3
7.Bd2xc3 Nb8c6
8.Ng1f3 cxd4
9.Bc3xd4 Ne7f5
10.Bd4c3 d4
11.Bc3d2 Qd8b6
12.Bf1d3  { temps }1-0

[Event "Tournoi n27272"]
[Site "www.echecsemail.com"]
[Date "2026.02.12"]
[Round "1"]
[White "Kichmat"]
[Black "Magma"]
[WhiteElo "1990"]
[BlackElo "1950"]
[Result "1-0"]
1.e4 d5
2.exd5 Ng8f6
3.Ng1f3 Bc8g4
4.c4 e6
5.dxe6 Bf8c5
6.exf7 Kxf7
7.Bf1e2 Nb8c6
8.O-O Rh8e8
9.h3 Bg4xf3
10.Be2xf3 Qd8d7
11.Nb1c3 Ra8b8
12.b3 Nc6e5
13.Bf3e2 Ne5d3
14.Be2xd3 Qd7xd3
15.Qd1f3 Qd3xf3
16.gxf3 Bc5d4
17.Bc1b2 Re8e5
18.Rf1e1 Rb8e8
19.Kf1 Re5f5
20.Re1xe8 Nf6xe8
21.Kg2 Rf5g5
22.Kf1 Ne8d6
23.Ra1b1 Bd4xc3
24.Bb2xc3 Nd6f5
25.f4 Rg5g6
26.d4 Nf5h4
27.Ke2 Rg6e6
28.Kd3 Nh4f3
29.d5 Re6e7
30.Bc3b4 Re7e8
31.Rb1b2 Nf3g1
32.h4 Ng1h3
33.f5 Re8e5
34.d6 cxd6
35.Bb4xd6 Re5xf5
36.Ke3 Rf5f6
37.Bd6g3 Nh3g1
38.f4 Ng1h3
39.Rb2h2 Rf6e6
40.Kf3 Nh3g1
41.Kf2 Ng1e2
42.Kf3 Ne2d4
43.Kg2 Re6e2
44.Kf1 Re2xh2
45.Bg3xh2 Kf6
46.Bh2g1 Nd4c6
47.Kg2 a6
48.a3 Nc6a5
49.Bg1d4 Kf7
50.Kf3 Na5xb3
51.Bd4c3 g6
52.Kg4 Nb3c5
53.Bc3b4 h5
54.Kf3 Nc5e6
55.Ke4 Kf6
56.Bb4d6 Ne6d8
57.c5 Nd8c6
58.Bd6c7 Nc6e7
59.Bc7d8 Ke6
60.Bd8xe7 Kxe7
61.Ke5 { abandon }1-0

[Event "Défi"]
[Site "www.echecsemail.com"]
[Date "2026.02.12"]
[Round "1"]
[White "Eclectic"]
[Black "Vvvv"]
[WhiteElo "1780"]
[BlackElo "1690"]
[Result "1-0"]
1.Ng1f3 g6
2.e4 Bf8g7
3.d4 d6
4.h3 Nb8d7
5.Bf1c4 e6
6.c3 Ng8e7
7.Bc1g5 O-O
8.Qd1d2 d5
9.Bc4d3 c6
10.Bg5h6 c5
11.Bh6xg7 Kxg7
12.h4 c4
13.h5 Ne7g8
14.h6 Ng8xh6
15.Qd2xh6 Kf6
16.Bd3c2 Qd8c7
17.e5 { abandon }1-0

[Event "Tournoi n27378"]
[Site "www.echecsemail.com"]
[Date "2026.02.12"]
[Round "1"]
[White "Emmanuel"]
[Black "Burgman"]
[WhiteElo "1950"]
[BlackElo "1990"]
[Result "1-0"]
1.b3 f5
2.Bc1b2 Ng8f6
3.e3 d5
4.f4 e6
5.Ng1f3 c5
6.Bf1b5 Bc8d7
7.Bb5xd7 Nb8xd7
8.Nf3e5 Bf8e7
9.O-O O-O
10.d3 Nd7xe5
11.fxe5 Nf6g4
12.Rf1f3 Qd8c7
13.d4 Ra8c8
14.h3 Ng4h6
15.c3 cxd4
16.exd4 b5
17.b4 a5
18.a3 axb4
19.axb4 Rc8a8
20.Nb1a3 Qc7b6
21.Bb2c1 Ra8a4
22.Bc1xh6 gxh6
23.Rf3g3 Kh8
24.Qd1h5 Qb6d8
25.Qh5xh6 Rf8g8
26.Rg3xg8 Qd8xg8
27.Na3c2 Ra4xa1
28.Nc2xa1 Be7g5
29.Qh6h5 Bg5d2
30.Qh5f3 Qg8a8
31.Na1b3 Qa8a2
32.Nb3xd2 Qa2xd2
33.Kh2 Qd2c2
34.Qf3g3 Qc2e4
35.Qg3g5 f4
36.Qg5f6 Kg8
37.Qf6xe6 Kf8
38.Qe6f6 Kg8
39.e6 f3
40.Qf6f7 Kh8
41.Qf7f8 1-0